All 25k+ Cities of France on a Map - Statistics

General Stats
  • This quiz has been taken 34 times
  • The average score is 80 of 344
Answers on the Map
Answers color-coded by a green-red scale on the quiz's map according to % correct below.
 
Answer Stats
Population City % Correct
886,040 Marseille
86%
2,103,778 Paris
86%
267,991 Bordeaux
82%
166,687 Le Havre
82%
238,246 Lille
82%
519,127 Lyon
82%
310,240 Montpellier
82%
327,734 Nantes
82%
357,737 Nice
82%
514,819 Toulouse
82%
161,830 Dijon
79%
117,662 Rouen
79%
293,771 Strasbourg
79%
76,320 Ajaccio
75%
142,346 Brest
75%
156,140 Grenoble
75%
103,671 Nancy
75%
116,357 Orléans
75%
177,674 Reims
75%
179,116 Toulon
75%
92,188 Avignon
71%
67,571 Calais
71%
86,263 Dunkirk
71%
122,572 Metz
71%
230,890 Rennes
71%
84,095 Versailles
71%
149,695 Aix-en-Provence
68%
159,022 Angers
68%
132,117 Annecy
68%
109,400 Caen
68%
74,350 Cannes
68%
89,916 Poitiers
68%
139,259 Tours
68%
136,449 Amiens
64%
146,351 Clermont-Ferrand
64%
79,851 La Rochelle
64%
146,249 Le Mans
64%
104,978 Mulhouse
64%
173,136 Saint-Étienne
64%
129,937 Limoges
61%
151,839 Nîmes
61%
121,616 Perpignan
61%
149,077 Saint-Denis
61%
46,867 Bastia
57%
118,489 Besançon
57%
26,206 Biarritz
57%
80,441 Pau
57%
106,130 Argenteuil
54%
54,306 Bayonne
54%
46,080 Carcassonne
54%
66,970 Colmar
50%
58,329 Lorient
50%
111,934 Montreuil
50%
47,439 Saint-Malo
50%
62,088 Troyes
50%
163,684 Villeurbanne
50%
77,637 Antibes
46%
51,811 Arles
46%
81,545 Béziers
46%
119,019 Boulogne-Billancourt
46%
64,385 Quimper
46%
98,286 Roubaix
46%
64,458 Valence
46%
64,186 Bourges
43%
32,920 Lens
43%
74,568 Saint-Nazaire
43%
98,772 Tourcoing
43%
35,097 Auxerre
39%
59,964 Chambéry
39%
97,783 Nanterre
39%
57,587 Narbonne
39%
59,854 Niort
39%
55,790 Vannes
39%
41,908 Angoulême
36%
93,397 Créteil
36%
40,250 Douai
36%
59,719 Fréjus
36%
55,858 Hyères
36%
62,945 Montauban
36%
52,813 Saint-Quentin
36%
42,875 Arras
32%
45,912 Belfort
32%
70,906 Cergy
32%
55,550 Beauvais
29%
47,219 Blois
29%
40,539 Boulogne-sur-Mer
29%
91,053 Colombes
29%
32,251 Épinal
29%
41,293 Gap
29%
54,849 La Roche-sur-Yon
29%
49,400 Laval
29%
56,905 Meaux
29%
78,090 Mérignac
29%
29,706 Orange
29%
67,339 Pessac
29%
43,468 Valenciennes
29%
93,963 Vitry-sur-Seine
29%
29,939 Agde
25%
51,290 Albi
25%
88,365 Aubervilliers
25%
27,110 Bergerac
25%
42,505 Castres
25%
38,324 Chartres
25%
78,258 Cherbourg-en-Cotentin
25%
54,404 Cholet
25%
49,360 Évreux
25%
50,970 Grasse
25%
35,177 Mâcon
25%
30,604 Menton
25%
59,538 Neuilly-sur-Seine
25%
33,085 Nevers
25%
29,055 Périgueux
25%
28,046 Soissons
25%
65,502 Vénissieux
25%
25,115 Vichy
25%
60,183 Villejuif
25%
62,868 Villeneuve-d'Ascq
25%
32,801 Agen
21%
47,529 Aubagne
21%
25,224 Béthune
21%
50,595 Bondy
21%
31,619 Carpentras
21%
42,971 Châlons-en-Champagne
21%
42,963 Châteauroux
21%
64,410 Clichy
21%
82,902 Courbevoie
21%
65,064 Ivry-sur-Seine
21%
63,732 La Seyne-sur-Mer
21%
49,603 Les Sables-d'Olonne
21%
45,995 Melun
21%
40,595 Montélimar
21%
31,970 Pontoise
21%
82,874 Rueil-Malmaison
21%
44,364 Saint-Brieuc
21%
42,658 Thionville
21%
46,125 Alès
18%
26,214 Aurillac
18%
42,372 Bourg-en-Bresse
18%
31,134 Cambrai
18%
45,102 Chalon-sur-Saône
18%
45,560 Charleville-Mézières
18%
36,301 Creil
18%
28,496 Dieppe
18%
72,390 Drancy
18%
31,543 Dreux
18%
40,983 Poissy
18%
35,409 Roanne
18%
25,363 Saintes
18%
59,173 Sarcelles
18%
27,106 Sens
18%
45,337 Sète
18%
44,399 Tarbes
18%
37,928 Thonon-les-Bains
18%
25,068 Vierzon
18%
32,406 Aix-les-Bains
14%
43,271 Anglet
14%
37,628 Annemasse
14%
64,263 Antony
14%
87,599 Aulnay-sous-Bois
14%
47,095 Brive-la-Gaillarde
14%
53,354 Cagnes-sur-Mer
14%
31,003 Châtellerault
14%
40,761 Compiègne
14%
40,826 Draguignan
14%
50,979 Gennevilliers
14%
36,391 Haguenau
14%
44,292 Istres
14%
33,692 Marignane
14%
48,298 Martigues
14%
36,687 Meyzieu
14%
31,592 Mont-de-Marsan
14%
39,800 Neuilly-sur-Marne
14%
72,978 Noisy-le-Grand
14%
50,973 Saint-Herblain
14%
49,229 Saint-Priest
14%
44,194 Salon-de-Provence
14%
36,172 Villefranche-sur-Saône
14%
48,193 Vincennes
14%
25,490 Alençon
11%
93,941 Asnières-sur-Seine
11%
44,572 Bagneux
11%
43,086 Bagnolet
11%
27,604 Blagnac
11%
42,982 Bron
11%
27,498 Bussy-Saint-Georges
11%
43,597 Caluire-et-Cuire
11%
26,058 Castelnau-le-Lez
11%
25,636 Cavaillon
11%
36,705 Châtillon
11%
54,620 Chelles
11%
58,576 Clamart
11%
54,471 Corbeil-Essonnes
11%
29,877 Décines-Charpieu
11%
37,491 Échirolles
11%
52,833 Épinay-sur-Seine
11%
66,919 Évry-Courcouronnes
11%
26,842 Grigny
11%
25,688 Hénin-Beaumont
11%
27,872 Illkirch-Graffenstaden
11%
67,669 Issy-les-Moulineaux
11%
27,566 La Teste-de-Buch
11%
25,036 Libourne
11%
26,623 Lunel
11%
51,729 Massy
11%
38,168 Oullins-Pierre-Bénite
11%
44,002 Puteaux
11%
31,389 Rillieux-la-Pape
11%
33,464 Romans-sur-Isère
11%
29,855 Saint-Cloud
11%
45,931 Saint-Germain-en-Laye
11%
32,172 Saint-Laurent-du-Var
11%
26,241 Saumur
11%
52,535 Sevran
11%
46,338 Talence
11%
29,942 Vandœuvre-lès-Nancy
11%
53,069 Vaulx-en-Velin
11%
25,290 Vernon
11%
26,227 Vertou
11%
31,778 Vienne
11%
36,758 Vitrolles
11%
45,531 Alfortville
7%
26,998 Armentières
7%
31,831 Bègles
7%
56,927 Bobigny
7%
28,909 Bois-Colombes
7%
30,151 Bourgoin-Jallieu
7%
31,103 Cachan
7%
26,834 Cenon
7%
78,072 Champigny-sur-Marne
7%
30,598 Chatou
7%
45,946 Choisy-le-Roi
7%
40,882 Colomiers
7%
26,857 Étampes
7%
53,757 Fontenay-sous-Bois
7%
37,754 Franconville
7%
26,952 Gradignan
7%
29,778 Guyancourt
7%
38,423 Joué-lès-Tours
7%
38,477 La Ciotat
7%
47,167 La Courneuve
7%
26,476 La Garde
7%
27,090 Lambersart
7%
62,376 Le Blanc-Mesnil
7%
25,081 Le Bouscat
7%
41,938 Le Cannet
7%
25,789 Le Grand-Quevilly
7%
68,092 Levallois-Perret
7%
30,063 Liévin
7%
25,769 Lormont
7%
56,799 Maisons-Alfort
7%
43,526 Mantes-la-Jolie
7%
40,184 Marcq-en-Barœul
7%
28,767 Maubeuge
7%
46,334 Meudon
7%
26,203 Miramas
7%
33,147 Montluçon
7%
26,079 Muret
7%
32,455 Nogent-sur-Marne
7%
45,510 Noisy-le-Sec
7%
28,534 Orvault
7%
61,929 Pantin
7%
31,811 Plaisir
7%
27,724 Rambouillet
7%
43,556 Rezé
7%
47,180 Rosny-sous-Bois
7%
35,646 Saint-Chamond
7%
29,518 Saint-Étienne-du-Rouvray
7%
37,695 Saint-Martin-d'Hères
7%
76,572 Saint-Maur-des-Fossés
7%
32,910 Saint-Médard-en-Jalles
7%
37,113 Saint-Raphaël
7%
28,596 Saint-Sébastien-sur-Loire
7%
31,148 Savigny-le-Temple
7%
37,601 Savigny-sur-Orge
7%
34,708 Schiltigheim
7%
25,797 Sèvremoine
7%
37,109 Six-Fours-les-Plages
7%
29,003 Sotteville-lès-Rouen
7%
30,168 Tournefeuille
7%
34,689 Trappes
7%
29,259 Vallauris
7%
28,622 Vanves
7%
42,545 Villenave-d'Ornon
7%
41,470 Villepinte
7%
30,053 Villiers-le-Bel
7%
40,847 Wattrelos
7%
27,906 Yerres
7%
36,613 Athis-Mons
4%
36,434 Bezons
4%
26,658 Brétigny-sur-Orge
4%
25,643 Brunoy
4%
27,451 Champs-sur-Marne
4%
28,830 Charenton-le-Pont
4%
29,354 Clichy-sous-Bois
4%
36,958 Conflans-Sainte-Honorine
4%
30,098 Draveil
4%
26,365 Élancourt
4%
29,489 Ermont
4%
29,528 Fresnes
4%
42,313 Gagny
4%
41,791 Garges-lès-Gonesse
4%
27,707 Gonesse
4%
31,301 Goussainville
4%
33,983 Houilles
4%
30,689 Le Chesnay-Rocquencourt
4%
35,260 Le Perreux-sur-Marne
4%
34,632 Les Mureaux
4%
25,804 Les Pavillons-sous-Bois
4%
25,886 Les Ulis
4%
27,406 Limeil-Brévannes
4%
47,228 Livry-Gargan
4%
30,557 Malakoff
4%
28,703 Montfermeil
4%
32,465 Montigny-le-Bretonneux
4%
46,324 Montrouge
4%
37,471 Palaiseau
4%
39,096 Pontault-Combault
4%
31,189 Ris-Orangis
4%
37,152 Romainville
4%
35,438 Sainte-Geneviève-des-Bois
4%
25,578 Saint-Ouen-l'Aumône
4%
41,388 Stains
4%
27,764 Sucy-en-Brie
4%
27,593 Taverny
4%
32,918 Thiais
4%
38,348 Tremblay-en-France
4%
31,466 Vigneux-sur-Seine
4%
29,795 Villemomble
4%
26,021 Villeneuve-la-Garenne
4%
36,221 Villeneuve-Saint-Georges
4%
26,946 Villeparisis
4%
33,162 Villiers-sur-Marne
4%
30,838 Viry-Châtillon
4%
35,825 Châtenay-Malabry
0%
27,292 Cormeilles-en-Parisis
0%
26,211 Eaubonne
0%
31,779 Herblay-sur-Seine
0%
30,197 La Garenne-Colombes
0%
28,848 Le Plessis-Robinson
0%
31,188 L'Haÿ-les-Roses
0%
53,615 Saint-Ouen-sur-Seine
0%
26,924 Sannois
0%
52,763 Sartrouville
0%
48,956 Suresnes
0%
No matching quizzes found
Score Distribution
Percent of People with Each Score
Percentile by Number Answered
Your Score History
You have not taken this quiz